<?xml version="1.0" encoding="UTF-8"?>
<record
    xmlns:xsi="http://www.w3.org/2001/XMLSchema-instance"
    xsi:schemaLocation="http://www.loc.gov/MARC21/slim http://www.loc.gov/standards/marcxml/schema/MARC21slim.xsd"
    xmlns="http://www.loc.gov/MARC21/slim">

  <leader>01028nam a22002177a 4500</leader>
  <datafield tag="952" ind1=" " ind2=" ">
    <subfield code="0">0</subfield>
    <subfield code="1">0</subfield>
    <subfield code="2">lcc</subfield>
    <subfield code="4">0</subfield>
    <subfield code="7">0</subfield>
    <subfield code="a">21</subfield>
    <subfield code="b">21</subfield>
    <subfield code="d">2018-06-26</subfield>
    <subfield code="l">6</subfield>
    <subfield code="o">H85 F73 2011</subfield>
    <subfield code="p">21 002472</subfield>
    <subfield code="r">2017-08-15</subfield>
    <subfield code="s">2017-08-15</subfield>
    <subfield code="t">1</subfield>
    <subfield code="w">2014-08-15</subfield>
    <subfield code="y">LB</subfield>
  </datafield>
  <datafield tag="952" ind1=" " ind2=" ">
    <subfield code="0">0</subfield>
    <subfield code="1">0</subfield>
    <subfield code="2">lcc</subfield>
    <subfield code="4">0</subfield>
    <subfield code="7">0</subfield>
    <subfield code="a">21</subfield>
    <subfield code="b">21</subfield>
    <subfield code="d">2018-06-26</subfield>
    <subfield code="l">2</subfield>
    <subfield code="o">H85 F73 2011</subfield>
    <subfield code="p">21 002473</subfield>
    <subfield code="r">2017-03-13</subfield>
    <subfield code="s">2017-03-10</subfield>
    <subfield code="t">2</subfield>
    <subfield code="w">2014-08-15</subfield>
    <subfield code="y">LB</subfield>
  </datafield>
  <datafield tag="952" ind1=" " ind2=" ">
    <subfield code="0">0</subfield>
    <subfield code="1">0</subfield>
    <subfield code="2">lcc</subfield>
    <subfield code="4">0</subfield>
    <subfield code="7">0</subfield>
    <subfield code="a">21</subfield>
    <subfield code="b">21</subfield>
    <subfield code="d">2018-06-26</subfield>
    <subfield code="l">2</subfield>
    <subfield code="o">H85 F73 2011</subfield>
    <subfield code="p">21 002474</subfield>
    <subfield code="r">2014-12-10</subfield>
    <subfield code="s">2014-12-10</subfield>
    <subfield code="t">3</subfield>
    <subfield code="w">2014-08-15</subfield>
    <subfield code="y">LB</subfield>
  </datafield>
  <datafield tag="952" ind1=" " ind2=" ">
    <subfield code="0">0</subfield>
    <subfield code="1">0</subfield>
    <subfield code="2">lcc</subfield>
    <subfield code="4">0</subfield>
    <subfield code="7">0</subfield>
    <subfield code="a">21</subfield>
    <subfield code="b">21</subfield>
    <subfield code="d">2018-06-26</subfield>
    <subfield code="l">2</subfield>
    <subfield code="o">H85 F73 2011</subfield>
    <subfield code="p">21 002475</subfield>
    <subfield code="r">2016-12-14</subfield>
    <subfield code="s">2016-12-13</subfield>
    <subfield code="t">4</subfield>
    <subfield code="w">2014-08-15</subfield>
    <subfield code="y">LB</subfield>
  </datafield>
  <datafield tag="952" ind1=" " ind2=" ">
    <subfield code="0">0</subfield>
    <subfield code="1">0</subfield>
    <subfield code="2">lcc</subfield>
    <subfield code="4">0</subfield>
    <subfield code="7">0</subfield>
    <subfield code="a">21</subfield>
    <subfield code="b">21</subfield>
    <subfield code="d">2014-08-15</subfield>
    <subfield code="l">1</subfield>
    <subfield code="o">H85 F73 2011</subfield>
    <subfield code="p">21 002476</subfield>
    <subfield code="r">2017-08-23</subfield>
    <subfield code="s">2017-08-23</subfield>
    <subfield code="t">5</subfield>
    <subfield code="w">2014-08-15</subfield>
    <subfield code="y">LB</subfield>
  </datafield>
  <datafield tag="952" ind1=" " ind2=" ">
    <subfield code="0">0</subfield>
    <subfield code="1">0</subfield>
    <subfield code="2">lcc</subfield>
    <subfield code="4">0</subfield>
    <subfield code="7">0</subfield>
    <subfield code="a">21</subfield>
    <subfield code="b">21</subfield>
    <subfield code="d">2014-08-15</subfield>
    <subfield code="l">1</subfield>
    <subfield code="o">H85 F73 2011</subfield>
    <subfield code="p">21 002477</subfield>
    <subfield code="r">2016-12-13</subfield>
    <subfield code="s">2016-12-13</subfield>
    <subfield code="t">6</subfield>
    <subfield code="w">2014-08-15</subfield>
    <subfield code="y">LB</subfield>
  </datafield>
  <datafield tag="999" ind1=" " ind2=" ">
    <subfield code="c">93539</subfield>
    <subfield code="d">93539</subfield>
  </datafield>
  <controlfield tag="008">140815s2011    mx ||||| |||| 00| 0 s   d</controlfield>
  <datafield tag="020" ind1=" " ind2=" ">
    <subfield code="a">9786070109591</subfield>
  </datafield>
  <datafield tag="050" ind1=" " ind2=" ">
    <subfield code="a">H85</subfield>
    <subfield code="b">F73 2011</subfield>
  </datafield>
  <datafield tag="100" ind1=" " ind2=" ">
    <subfield code="a">Fragoso Lugo, Perla Orqu&#xED;dea</subfield>
    <subfield code="d">, autor</subfield>
  </datafield>
  <datafield tag="245" ind1="1" ind2="0">
    <subfield code="a">Introducci&#xF3;n a las ciencias sociales y econ&#xF3;micas</subfield>
    <subfield code="c">/ Perla Orqu&#xED;dea Fragoso ;  Alejandrina Fern&#xE1;ndez &#xC1;guila ; Jos&#xE9; Manuel Flores L&#xF3;pez</subfield>
  </datafield>
  <datafield tag="250" ind1=" " ind2=" ">
    <subfield code="a">2a ed.</subfield>
  </datafield>
  <datafield tag="260" ind1=" " ind2=" ">
    <subfield code="a">M&#xE9;xico</subfield>
    <subfield code="b">: Santillana</subfield>
    <subfield code="c">, 2011</subfield>
  </datafield>
  <datafield tag="300" ind1=" " ind2=" ">
    <subfield code="a">270 p&#xE1;ginas</subfield>
    <subfield code="b">: ilustraciones</subfield>
    <subfield code="c">; 26 cm.</subfield>
  </datafield>
  <datafield tag="505" ind1=" " ind2=" ">
    <subfield code="6">Generaci&#xF3;n del conocimiento en las ciencias sociales. Formas socioecon&#xF3;micas de producci&#xF3;n en su contexto hist&#xF3;rico. La econom&#xED;a. Sociolog&#xED;a, derecho, historia y antropolog&#xED;a. Ciencia pol&#xED;tica. </subfield>
  </datafield>
  <datafield tag="519" ind1=" " ind2=" ">
    <subfield code="a">Material Complementario /</subfield>
    <subfield code="d">(21 002472, 21 002473, 21 02474, 21 002475, 21 002476, 21 002477)</subfield>
  </datafield>
  <datafield tag="650" ind1=" " ind2="0">
    <subfield code="a">Ciencias Sociales</subfield>
  </datafield>
  <datafield tag="650" ind1=" " ind2="0">
    <subfield code="a">Econom&#xED;a</subfield>
  </datafield>
  <datafield tag="700" ind1=" " ind2=" ">
    <subfield code="a">Fern&#xE1;ndez &#xC1;guila, Alejandrina</subfield>
    <subfield code="e">, autor</subfield>
  </datafield>
  <datafield tag="700" ind1=" " ind2=" ">
    <subfield code="a">Flores L&#xF3;pez, Jos&#xE9; Manuel</subfield>
    <subfield code="e">, autor</subfield>
  </datafield>
  <datafield tag="942" ind1=" " ind2=" ">
    <subfield code="2">lcc</subfield>
    <subfield code="c">LB</subfield>
  </datafield>
</record>
